Komunálny odpad z obcí v Slovenskej republike za rok 1993 výsledky zo spracovania výkazu OŽP 6-01

Guardado en:
Detalles Bibliográficos
Formato: Libro
Lenguaje:eslovaco
Publicado: Bratislava Štatistický úrad SR 1994
Colección:Štatistické čísla a grafy
Materias:
Etiquetas: Agregar Etiqueta
Sin Etiquetas, Sea el primero en etiquetar este registro!

MARC

LEADER 00000nam a2200000 4500
001 c005262
005 20251202132937.5
041 0 |a slo 
044 |a SK 
245 1 0 |a Komunálny odpad z obcí v Slovenskej republike za rok 1993  |b výsledky zo spracovania výkazu OŽP 6-01 
264 1 |a Bratislava  |b Štatistický úrad SR  |c 1994 
300 |a 36 s. 
490 1 |a Štatistické čísla a grafy 
830 0 |a Štatistické čísla a grafy 
610 2 0 |a Slovensko 
610 2 0 |a odpad komunálny 
610 2 0 |a obce